| 000 | 00713nam a2200229Ia 4500 | ||
|---|---|---|---|
| 003 | OSt | ||
| 005 | 20220923224006.0 | ||
| 006 | a|||||r|||| 00| 0 | ||
| 007 | ta | ||
| 008 | Pun | ||
| 024 | _a223,907 | ||
| 037 | _cTextual | ||
| 040 |
_aARTS _cARTS _bPun |
||
| 041 |
_2Pun _aPun |
||
| 082 | _aO153,(Y:351):g, P31 | ||
| 100 |
_aਵਰਮਾ, ਪਰਮਜੀਤ _9156291 |
||
| 245 | 0 |
_aਗਿੱਧੇ ਦੀਆਂ ਬੋਲੀਆਂ _b ਪਾਠ ਤੇ ਪ੍ਰਸੰਗ |
|
| 260 |
_aਦਿੱਲੀ _b ਬਿFਨ ਚੰਦ ਔਜ਼ਡ ਸਨਗ਼ _c2003 |
||
| 300 |
_a116ਪੰ _ccm. |
||
| 942 |
_hO153,(Y:351):g, P31 _cTEXL _2CC |
||
| 999 |
_c368577 _d368577 |
||